[Event "IRI Cities-chT"]
[Site "Esfahan"]
[Date "2016.05.15"]
[Round "7.4"]
[White "Nadimifar, Adnan"]
[Black "Anjom Rooz, Mehdi"]
[Result "1-0"]
[WhiteElo "2141"]
[BlackElo "1881"]
[PlyCount "75"]
[EventDate "2016.05.11"]
[EventType "team-swiss"]
[EventRounds "7"]
[EventCountry "IRI"]
[SourceTitle "CBM 172 Extra"]
[Source "ChessBase"]
[SourceDate "2016.06.21"]
[SourceVersion "1"]
[SourceVersionDate "2016.06.21"]
[SourceQuality "1"]
[WhiteTeam "Shiraz Darya Borj"]
[BlackTeam "Tabriz Shahdari"]
[WhiteTeamCountry "IRI"]
[BlackTeamCountry "IRI"]

1. Nf3 Nf6 2. c4 e6 3. g3 d5 4. Bg2 Be7 5. 0-0 0-0 6. d4 dxc4 7. Qc2 a6 8. Qxc4 b5 9. Qc2 Bb7 10. Bd2 Be4 11. Qc1 Nbd7 12. Ba5 Rc8 13. Nbd2 Ba8 14. b4 Nb6 15. Qc2 Ne8 16. e4 Nd6 17. Ne5 f6 18. Nc6 Qd7 19. d5 Nbc4 20. Bh3 f5 21. e5 Na3 22. Nxe7+ Qxe7 23. exd6 cxd6 24. Qb2 Nc4 25. Nxc4 Rxc4 26. dxe6 Rfc8 27. Bg2 Bxg2 28. Kxg2 Qxe6 29. Rfe1 Qd7 30. Qe2 Re4 31. Qf3 d5 32. Rxe4 fxe4 33. Qe3 d4 34. Qxe4 d3 35. Rd1 d2 36. Bb6 Rc1 37. Rxd2 Qxd2 38. Qe8# 1-0

[Event "IRI Cities-chT"]
[Site "Esfahan"]
[Date "2016.05.14"]
[Round "6.4"]
[White "Anjom Rooz, Mehdi"]
[Black "Imanzadeh, Mehdi"]
[Result "1-0"]
[WhiteElo "1881"]
[BlackElo "1902"]
[PlyCount "87"]
[EventDate "2016.05.11"]
[EventType "team-swiss"]
[EventRounds "7"]
[EventCountry "IRI"]
[SourceTitle "CBM 172 Extra"]
[Source "ChessBase"]
[SourceDate "2016.06.21"]
[SourceVersion "1"]
[SourceVersionDate "2016.06.21"]
[SourceQuality "1"]
[WhiteTeam "Tabriz Shahdari"]
[BlackTeam "Bandar Abbas"]
[WhiteTeamCountry "IRI"]
[BlackTeamCountry "IRI"]

1. e4 c5 2. Nc3 a6 3. g3 b6 4. Bg2 Bb7 5. Nge2 e6 6. 0-0 d6 7. d3 Be7 8. f4 h5 9. h3 Qc7 10. f5 e5 11. Nd5 Bxd5 12. exd5 Nf6 13. c4 Nbd7 14. Nc3 Rb8 15. a4 Kd8 16. Be3 Qb7 17. Qb3 Kc7 18. Ra2 Rbg8 19. Bg5 a5 20. Qb5 Nb8 21. Raa1 Na6 22. Rae1 Kb8 23. Rxe5 dxe5 24. d6 Qa7 25. dxe7 Nb4 26. d4 cxd4 27. Qxe5+ Qc7 28. Qe2 Qc5 29. Nb5 d3+ 30. Qe3 Qxe3+ 31. Bxe3 Ne8 32. Bxb6 Rh6 33. Bxa5 Nc6 34. Bd2 g5 35. fxg6 Rhxg6 36. Bf4+ Kc8 37. Bxc6 Rxc6 38. Na7+ Kd7 39. Nxc6 Kxc6 40. Rd1 Kc5 41. Rxd3 Kxc4 42. Rd8 f5 43. h4 Kb4 44. b3 1-0